Éta déz Étaz Uni (Frahsé altérnatif) - Statistiques

Statistiques générales
  • Ce quiz a été pris 17 fois
  • Le résultat moyen est 7 sur 50
Réponses sur la Carte
Les réponses sont colorées sur une échelle allant du rouge au vert en fonction du pourcentage des utilisateurs qui les ont devinées à leur premier essai. Vous pouvez retrouver ces pourcentages ci-dessous.
 
Statistiques - réponses
Éta % Correct
Californi
75%
Alasca
50%
Florid
50%
Alabama
44%
Colorado
31%
Idao
25%
Mén
25%
Misisipi
25%
Uta
25%
Wachington
25%
Arizona
19%
Jéorji
19%
Minésota
19%
Conécticet
13%
Dacota du Nor
13%
Dacota du Sud
13%
Delawér
13%
Nébrasca
13%
Névada
13%
Técsas
13%
Arcahnsas
6%
Awaiy
6%
Cahnsas
6%
Carolin du Nor
6%
Carolin du Sud
6%
Céntuci
6%
Iiyowa
6%
Ilinwa
6%
Indiyana
6%
Lwiziyan
6%
Marilahd
6%
Masachoyséts
6%
Misoyri
6%
Mitchigan
6%
Mohtana
6%
Niyoy Ahpcher
6%
Niyoy Jérzé
6%
Noy Iyorc
6%
Noyvo Mécsic
6%
Oaiyo
6%
Oclaoma
6%
Orégoh
6%
Pénsilvani
6%
Rod Aiylahd
6%
Ténési
6%
Vérmoh
6%
Virjini
6%
Virjini Ocsidahtal
6%
Waiyoming
6%
Wisconsin
6%
Aucun quiz correspondant
Distribution des résultats
% des personnes avec chaque résultat
Percentile par nombre de réponses
Votre historique - résultats
Vous n’avez pas pris ce quiz